000 00934nam a22002777a 4500
001 7169
003 FISKH
005 20250826095108.0
008 250701b cb ||||| |||| 00| 0 eng d
040 _aFISKH
_beng
_cFISKH
_dFISKH
050 _aPR6051.N44 C63
082 _a821.914
100 _aAndreae, Giles
245 _aCock-a-doodle-doo! Barnyard Hullabaloo /
_cGiles Andreae ; Illustratted by David Wojtowycz
250 _aFirst Scholastic printing, October 2000
260 _aNew York :
_bScholastic,
_c1999
300 _a28 unnumbered pages :
_bcolor illustrations ;
_c29 cm
505 _aE
520 _aA collection of verses that introduce such farm animals as chickens, cows, pigs, and sheep.
521 8 _a160
_bLexile estimate
521 8 _aE
_bRaz-Plus
650 _aAnimal sounds
_vFarm animals
_xPicture book
700 _aWpjtowycz, David
_eillustrator
942 _2ddc
_cBK
_n0
999 _c7169
_d7169